| 000 | 00352nam a2200145Ia 4500 | ||
|---|---|---|---|
| 008 | 230917s9999||||xx |||||||||||||| ||und|| | ||
| 040 |
_e114290 _aMAIN |
||
| 041 | _aEnglish | ||
| 082 | _a823.08 K527G | ||
| 100 | _aKhare, Anand | ||
| 245 | 0 | _aGates of time | |
| 260 |
_aHyderabad _bSeminar & Research Centre _c1994 |
||
| 300 | _a199 p. | ||
| 942 | _cBK | ||
| 999 |
_c132136 _d132136 |
||